[Event "Hessen Senioren-ch 2012  8th"]
[Site "Bad Sooden-Adf. (14.4.-22.4)"]
[Date "2012.04.22"]
[Round "9.86"]
[White "Mittelstaedt, Ewald"]
[Black "Hartlaub, Marianne"]
[Result "0-1"]
[WhiteElo "1405"]
[BlackElo "1328"]
[PlyCount "37"]
[EventDate "2012.04.??"]
[EventType "swiss"]
[EventRounds "9"]
[EventCountry "GER"]
[WhiteTeam "München Tarrasch SC"]
[BlackTeam "Klingenberg SK"]

1. d4 d6 2. e4 Nf6 3. Bd3 e5 4. c3 Be7 5. Bg5 O-O 6. Nd2 c6 7. Bxf6 Bxf6 8. d5
cxd5 9. exd5 a6 10. Qc2 g6 11. Ne4 Be7 12. Nd2 f5 13. Ne2 b5 14. f3 Nd7 15. a4
Nc5 16. axb5 Nxd3+ 17. Qxd3 Qb6 18. c4 Bb7 19. bxa6 0-1

[Event "Hessen Senioren-ch 2012  8th"]
[Site "Bad Sooden-Adf. (14.4.-22.4)"]
[Date "2012.04.22"]
[Round "9.87"]
[White "Groener, Marga"]
[Black "Stratmann, Alois"]
[Result "0-1"]
[WhiteElo "1333"]
[BlackElo "1382"]
[PlyCount "73"]
[EventDate "2012.04.??"]
[EventType "swiss"]
[EventRounds "9"]
[EventCountry "GER"]
[WhiteTeam "Freibauer Wedemark"]
[BlackTeam "Ahlen 1954 SV"]

1. d4 Nf6 2. Bf4 e6 3. e3 c5 4. c3 Nc6 5. Bd3 cxd4 6. exd4 Ne7 7. h3 Ned5 8.
Bh2 Be7 9. Nf3 h6 10. O-O O-O 11. Nbd2 b6 12. Re1 Bb7 13. Ne5 d6 14. Nef3 Nh7
15. Qc2 Nhf6 16. Bg3 Kh8 17. Ne4 Qd7 18. a4 Rac8 19. Bb5 Bc6 20. Bxc6 Qxc6 21.
Rec1 Rc7 22. Nxf6 Nxf6 23. Bf4 Rfc8 24. Ne1 Qd5 25. Nd3 Qc4 26. Bd2 Nd5 27. Ra3
Qxd4 28. cxd4 Rxc2 29. Rd1 Bf6 30. Be3 R2c4 31. Rc1 Rxc1+ 32. Nxc1 Bxd4 33.
Bxd4 Rxc1+ 34. Kh2 Rc6 35. a5 Kh7 36. axb6 axb6 37. Ra4 0-1

[Event "Hessen Senioren-ch 2012  8th"]
[Site "Bad Sooden-Adf. (14.4.-22.4)"]
[Date "2012.04.22"]
[Round "9.88"]
[White "Knobling, Rolf"]
[Black "Nols, Uwe"]
[Result "1-0"]
[WhiteElo "1346"]
[BlackElo "1171"]
[PlyCount "65"]
[EventDate "2012.04.??"]
[EventType "swiss"]
[EventRounds "9"]
[EventCountry "GER"]
[WhiteTeam "Erfurt USV"]
[BlackTeam "Itzehoer SV"]

1. e4 e5 2. f4 exf4 3. Nf3 Bc5 4. d4 Bb4+ 5. c3 Ba5 6. Bxf4 Nf6 7. Bd3 O-O 8.
O-O d6 9. Qd2 Bg4 10. Bg5 h6 11. Bh4 Qd7 12. Bxf6 Nc6 13. b4 Bb6 14. Bh4 Ne7
15. a4 c6 16. Bg3 Ng6 17. h3 Bxh3 18. gxh3 Qxh3 19. Qh2 Qg4 20. Qg2 c5 21. Bxd6
Qxg2+ 22. Kxg2 Rfe8 23. bxc5 Bd8 24. e5 Nf4+ 25. Kf2 Nxd3+ 26. Ke3 Nb2 27. Nbd2
b6 28. Rab1 bxc5 29. Rxb2 Ba5 30. Rb3 f6 31. dxc5 fxe5 32. Nxe5 Bd8 33. Ne4 1-0

[Event "Hessen Senioren-ch 2012  8th"]
[Site "Bad Sooden-Adf. (14.4.-22.4)"]
[Date "2012.04.22"]
[Round "9.90"]
[White "Fister, Horst-Lothar"]
[Black "Ludwig, Egbert"]
[Result "1-0"]
[WhiteElo "1273"]
[BlackElo "1124"]
[PlyCount "62"]
[EventDate "2012.04.??"]
[EventType "swiss"]
[EventRounds "9"]
[EventCountry "GER"]
[WhiteTeam "Werther 1949 SK"]
[BlackTeam "Eichholz-Remmighaus TuS"]

1. Nf3 d5 2. d4 Nf6 3. e3 e6 4. Bd3 Bd6 5. Nbd2 c5 6. c3 Nc6 7. O-O O-O 8. dxc5
Bxc5 9. e4 Qc7 10. Qe2 h6 11. e5 Ng4 12. Re1 Ngxe5 13. Nxe5 Nxe5 14. Qxe5 Qxe5
15. Rxe5 f6 16. Re1 e5 17. Nb3 Bd6 18. Bg6 b6 19. Be3 Bd7 20. Rad1 Be6 21. h3
Rfd8 22. Nd2 b5 23. a3 Rac8 24. Bxa7 Bc5 25. Bxc5 Rxc5 26. f4 e4 27. f5 Bc8 28.
Nb3 Rc7 29. Nd4 Ba6 30. Ne6 Rdc8 31. Nxc7 Rxc7 1-0

[Event "Hessen Senioren-ch 2012  8th"]
[Site "Bad Sooden-Adf. (14.4.-22.4)"]
[Date "2012.04.22"]
[Round "9.91"]
[White "Graffenberger, Marianne"]
[Black "Geibel, Henning"]
[Result "1-0"]
[WhiteElo "1129"]
[BlackElo "1237"]
[PlyCount "45"]
[EventDate "2012.04.??"]
[EventType "swiss"]
[EventRounds "9"]
[EventCountry "GER"]
[WhiteTeam "Hamburger SK"]
[BlackTeam "Bargteheide SV"]

1. e4 e5 2. Nf3 d6 3. Nc3 Be7 4. Be2 Nf6 5. O-O O-O 6. d4 exd4 7. Qxd4 c5 8.
Qd1 a6 9. Re1 b5 10. e5 dxe5 11. Nxe5 Qc7 12. Nf3 Rd8 13. Nd2 b4 14. Bf3 Ra7
15. Nce4 Nxe4 16. Bxe4 Bd6 17. Qh5 h6 18. Nc4 Qd7 19. Nxd6 Qxd6 20. Be3 Re8 21.
Rad1 Qe5 22. Qxe5 Rxe5 23. Rd8+ 1-0

[Event "Hessen Senioren-ch 2012  8th"]
[Site "Bad Sooden-Adf. (14.4.-22.4)"]
[Date "2012.04.22"]
[Round "9.92"]
[White "Freerksen, Uwe"]
[Black "Marinoni, Rainer"]
[Result "1/2-1/2"]
[WhiteElo "1275"]
[BlackElo "1151"]
[PlyCount "20"]
[EventDate "2012.04.??"]
[EventType "swiss"]
[EventRounds "9"]
[EventCountry "GER"]
[WhiteTeam "Emden SK"]
[BlackTeam "Eschwege SC"]

1. e4 e5 2. Nf3 Nc6 3. d3 f5 4. Nc3 Nf6 5. Be2 f4 6. a3 a5 7. Bd2 Bc5 8. h3 d6
9. O-O Nh5 10. Nh2 Ng3 1/2-1/2

[Event "Hessen Senioren-ch 2012  8th"]
[Site "Bad Sooden-Adf. (14.4.-22.4)"]
[Date "2012.04.22"]
[Round "9.93"]
[White "Semisch, Helga"]
[Black "Bartl, Birgit"]
[Result "1-0"]
[WhiteElo "1256"]
[BlackElo "1096"]
[PlyCount "97"]
[EventDate "2012.04.??"]
[EventType "swiss"]
[EventRounds "9"]
[EventCountry "GER"]
[WhiteTeam "Schmalkalden 04 SV"]
[BlackTeam "Erfurt USV"]

1. d4 Nf6 2. e3 d5 3. Bd3 e6 4. Nd2 c6 5. Ngf3 Nbd7 6. O-O Bd6 7. e4 dxe4 8.
Nxe4 Nxe4 9. Bxe4 Nf6 10. Bg5 O-O 11. Bd3 Be7 12. c3 Re8 13. Qc2 g6 14. Rad1
Nh5 15. Be3 Ng7 16. Be4 Bd7 17. Ne5 f5 18. Bd3 Bf6 19. Nc4 Qe7 20. Bf4 Nh5 21.
Be3 b6 22. Be2 Ng7 23. Bf4 Red8 24. b3 Ne8 25. Bf3 Rac8 26. Qe2 b5 27. Ne5 Bg5
28. Qe3 Bxf4 29. Qxf4 Ng7 30. h4 Rf8 31. a4 Be8 32. g3 a6 33. Kg2 h5 34. Qh6
Qf6 35. Qd2 Rd8 36. Bxc6 Bxc6+ 37. Nxc6 Rd5 38. Nb4 Rd6 39. d5 Rfd8 40. c4 exd5
41. cxd5 Qf7 42. Qf4 Qb7 43. Kh2 Ne6 44. Qh6 Nc5 45. Qe3 Ne4 46. f3 Nf6 47. Nc2
Rxd5 48. Rxd5 Qxd5 49. axb5 1-0

[Event "Hessen Senioren-ch 2012  8th"]
[Site "Bad Sooden-Adf. (14.4.-22.4)"]
[Date "2012.04.22"]
[Round "9.94"]
[White "Brahn, Roswitha"]
[Black "Geist, Wolfgang"]
[Result "1-0"]
[WhiteElo "1014"]
[BlackElo "1348"]
[PlyCount "51"]
[EventDate "2012.04.??"]
[EventType "swiss"]
[EventRounds "9"]
[EventCountry "GER"]
[WhiteTeam "Burghaun SG"]
[BlackTeam "Artern 90 SSV"]

1. c4 c5 2. Nf3 Nf6 3. Nc3 Nc6 4. d3 e6 5. e3 Be7 6. Be2 O-O 7. O-O Qc7 8. a3
a6 9. Bd2 d6 10. h3 e5 11. Rc1 Be6 12. Ne4 Nxe4 13. dxe4 h6 14. Nh2 Bg5 15. Bg4
Be7 16. Bxe6 fxe6 17. Qg4 Qd7 18. Bc3 Rf7 19. Rcd1 Raf8 20. f3 Bf6 21. Rf2 Qe7
22. Rdf1 b6 23. Qg6 Qd8 24. Ng4 Ne7 25. Nxh6+ Kh8 26. Nxf7+ 1-0

[Event "Hessen Senioren-ch 2012  8th"]
[Site "Bad Sooden-Adf. (14.4.-22.4)"]
[Date "2012.04.22"]
[Round "9.95"]
[White "Papapostolou, Christos"]
[Black "Raedeker, Bernd"]
[Result "1/2-1/2"]
[WhiteElo "1933"]
[BlackElo "2059"]
[PlyCount "97"]
[EventDate "2012.04.??"]
[EventType "swiss"]
[EventRounds "9"]
[EventCountry "GER"]
[WhiteTeam "Bad Sooden-Allendorf SK"]
[BlackTeam "Stuttgarter SF"]

1. d4 d5 2. c4 e6 3. Nc3 c5 4. e3 Nf6 5. Nf3 Nc6 6. Be2 a6 7. O-O dxc4 8. Bxc4
b5 9. Be2 Bb7 10. a3 Qc7 11. dxc5 Bxc5 12. b4 Be7 13. Bb2 O-O 14. Rc1 Rac8 15.
Qb3 Qb8 16. Rfd1 Ng4 17. h3 Nge5 18. Nb1 Bf6 19. Nbd2 Ne7 20. Nxe5 Bxe5 21. Bf3
Ng6 22. Bxb7 Qxb7 23. Nf3 Bxb2 24. Qxb2 Rxc1 25. Rxc1 Rc8 26. Rc5 h6 27. Qc3
Ne7 28. Nd4 Rxc5 29. Qxc5 Kf8 30. Qd6 Ke8 31. Qe5 Kf8 32. Nb3 Qc8 33. Qd6 Ke8
34. Nc5 Nc6 35. g3 g6 36. g4 Nb8 37. Ne4 Nd7 38. Kg2 g5 39. h4 Qc4 40. Qd4 Qxd4
41. exd4 gxh4 42. Kh3 Nb6 43. Nc5 Nc4 44. Nxa6 Nxa3 45. Kxh4 Kd7 46. Kh5 Nc2
47. Kxh6 Nxd4 48. Kg7 Nc6 49. f4 1/2-1/2